Un viaje por los caminos y puentes de las comarcas occidentales de Cantabria : Costa Occidental, Saja-Nansa y Liébana /

Bibliographic Details
Main Author: Villegas Cabredo, Luis (Author)
Format: Electronic eBook
Language:Spanish
Published: Santander : Ediciones Universidad Cantabria, 2024.
Series:Divulgación científica (Universidad de Cantabria) ; 17.
Subjects:
Online Access:Digitalia Hispánica

MARC

LEADER 00000nam a2200000Ii 4500
001 DIGUCANT0194
003 NyNyDIG
006 m o d
007 cr |||||||||||
008 250310s2024 sp a ob 000 0 spa d
035 |a (OCoLC)1485516599 
040 |a DGITA  |b eng  |e rda  |e pn  |c DGITA 
020 |a 9788419024749  |q (pdf) 
020 |z 9788419024732  |q (tapa) 
024 7 |a https://doi.org/10.22429/Euc2024.029 
043 |a e-sp--- 
050 1 4 |a HE359 ebook 
100 1 |a Villegas Cabredo, Luis,  |e author. 
245 1 3 |a Un viaje por los caminos y puentes de las comarcas occidentales de Cantabria :  |b Costa Occidental, Saja-Nansa y Liébana /  |c Luis Villegas Cabredo. 
264 1 |a Santander :  |b Ediciones Universidad Cantabria,  |c 2024. 
300 |a 1 online resource :  |b illustrations. 
336 |a text  |b txt  |2 rdacontent 
337 |a computer  |b c  |2 rdamedia 
338 |a online resource  |b cr  |2 rdacarrier 
347 |a text file  |2 rdaft 
347 |b PDF 
490 1 |a Divulgación científica ;  |v 17 
504 |a Includes bibliographical references. 
588 0 |a Online resource; title from PDF title page (Digitalia, viewed March 10, 2025) 
650 0 |a Roads  |z Spain  |x History. 
650 0 |a Bridges  |z Spain  |z Cantabria  |x History. 
776 0 8 |i Print version:  |a Villegas Cabredo, Luis.  |t Viaje por los caminos y puentes de las comarcas occidentales de Cantabria.  |d Santander : Ediciones Universidad Cantabria, 2024  |z 9788419024732 
791 2 |a Digitalia (Firm),  |e distributor. 
793 0 |g Digitalia eBook Collection:  |a Universidad de Cantabria 
830 0 |a Divulgación científica (Universidad de Cantabria) ;  |v 17. 
856 4 0 |3 Digitalia Hispánica  |u https://www.digitaliapublishing.com/a/170048/ 
910 |a Premium collection: 2025